Państwa, które pokonują Francję - Statystyki

Ogólne statystyki
  • Ten quiz został rozwiązany 5 823 razy
    5 755 od ostatniego zresetowania
  • Średni wynik to 12 z 20
Statystyki odpowiedzi
Ranga Kategoria Państwo % Poprawnych
4 Państwo z największą populacją w Europie Rosja | Niemcy | Wielka Brytania
100%
2 Państwo z największą ilością kolonii Wielka Brytania
86%
3 Państwo z największą ilością generowanej energii nuklearnej Stany Zjednoczone | Chiny
83%
3 Państwo z największą ilością krajów graniczących Chiny | Rosja
80%
2 Państwo z największą ilością urodzonych papieży Włochy
79%
8 Państwo najczęściej odwiedzane przez Chińczyków (2014) Korea Południowa | Tajlandia | Tajwan | Japonia | Singapur | Malezja | Indonezja
77%
7 Największe państwo bez pustyni Brazylia | Demokratyczna Republika Konga | Indonezja | Tanzania | Zambia | Mjanma
68%
2 (remis) Państwo z największą produkcją wina (2021) Włochy
66%
2 Państwo z najszybszymi pociągami Chiny
65%
2 Państwo najczęściej odwiedzane przez Brytyjczyków Hiszpania
64%
3 (remis) Najwięcej obiektów światowego dziedzictwa UNESCO (2024r.) Włochy | Chiny
63%
11 Państwa z największą ilością produkcji sera na osobe (2018) Nowa Zelandia | Dania | Irlandia |Holandia | Islandia | Estonia | Łotwa | Niemcy | Austria | Litwa
60%
6 Europejskie państwo z największym % muzułmanów Kosowo | Albania | Bośnia i Hercegowina | Macedonia Północna | Czarnogóra | Rosja
55%
2 (remis) Państwo z najwyższą górą w Europie Rosja
49%
3 (remis) Państwo z największą ilością wygranych w Eurowizji Irlandia | Szwecja
47%
2 Najwięcej profesjonalnych piłkarzy którzy grają w innym państwie niż rodzime Brazylia
45%
3 Państwo z największą liczbą mówiących w języku romańskim Brazylia | Meksyk
42%
3 Największe państwo, przez które przebiega południk zerowy Algieria | Mali
35%
4 Największy dystans pokonany pociągiem na osobę (2018) Japonia | Szwajcaria | Korea Południowa
30%
2 Państwo z największą ilością nagród Oscara (najlepszy film międzynarodowy) Włochy
26%
Nie znaleziono quizów pasujących do podanych kryteriów
Rozkład punktacji
Procent ludzi z każdym wynikiem
Percentyl według liczby udzielonych odpowiedzi
Twoja historia wyników
Nie rozwiązałeś tego quizu od ostatniego zresetowania